Bezpečnostnú politiku organizácie a jej počítačového systému určuje manažment
Úloha manažmentu pri vytváraní bezpečnostnej kultúry podnikového počítačového systému a bezpečnostnej politiky organizácie. Rozhodovanie o investícii do bezpečnosti. Norma Ministerstva obrany USA. Čo ovplyvňuje, popri technických parametroch, bezpečnosť systému. Bezpečnostný audit.
Gespeichert in:
| 1. Verfasser: | |
|---|---|
| Format: | Buchkapitel |
| Sprache: | Slowakisch |
| Schlagworte: | |
| Tags: |
Keine Tags, Fügen Sie das erste Tag hinzu!
|
MARC
| LEADER | 00000naa a2200000 4500 | ||
|---|---|---|---|
| 001 | r017274 | ||
| 005 | 20221213100724.8 | ||
| 041 | 0 | |a slo | |
| 044 | |a SK | ||
| 245 | 1 | 0 | |a Bezpečnostnú politiku organizácie a jej počítačového systému určuje manažment |c J. Vyskoč |
| 520 | |a Úloha manažmentu pri vytváraní bezpečnostnej kultúry podnikového počítačového systému a bezpečnostnej politiky organizácie. Rozhodovanie o investícii do bezpečnosti. Norma Ministerstva obrany USA. Čo ovplyvňuje, popri technických parametroch, bezpečnosť systému. Bezpečnostný audit. | ||
| 610 | 2 | 0 | |a bezpečnosť |
| 610 | 2 | 0 | |a podnik |
| 610 | 2 | 0 | |a ochrana dát |
| 610 | 2 | 0 | |a systémy počítačové |
| 610 | 2 | 0 | |a manažment |
| 610 | 2 | 0 | |a audítorstvo |
| 100 | 1 | |a Vyskoč, J. | |